Santana - Alonzo _ paroles - Statistiques

Statistiques générales
  • Ce quiz a été pris 11 fois
  • Le résultat moyen est 212 sur 431
Statistiques - réponses
Hint Réponse % Correct
à
83%
bombe
83%
de
83%
De
83%
Je
83%
je
83%
Intro | Refrain J'suis
83%
j'suis
83%
le
83%
ma
83%
Ma
83%
m'a
83%
me
83%
On
83%
on
83%
Stone
83%
stone
83%
toi
83%
avant
67%
bonne
67%
en
67%
est
67%
la
67%
les
67%
mais
67%
match
67%
pas
67%
pour
67%
que
67%
Santana
67%
sort
67%
ta
67%
te
67%
tu
67%
Tu
67%
un
67%
volant
67%
y'a
67%
au
50%
aux
50%
Couplet 1 Bébé
50%
Pré-refrain | Pé-refrain Dans
50%
dans
50%
du
50%
faire
50%
Fais
50%
fais
50%
Fendi
50%
Ferrari
50%
fou
50%
Il
50%
jean
50%
J'prends
50%
j'prends
50%
mes
50%
pardonner
50%
quand
50%
sortir
50%
Taxi
50%
taxi
50%
télé
50%
veut
50%
blanc
33%
boite
33%
ça
33%
ce
33%
c'est
33%
condés
33%
Demain
33%
et
33%
Et
33%
Fouille
33%
j'achète
33%
j'ai
33%
Couplet 2 J'ai
33%
j'choisis
33%
J'reçois
33%
J'vais
33%
j'vais
33%
J'veux
33%
l'volant
33%
machine
33%
message
33%
n'a
33%
ne
33%
Outo Oh
33%
or
33%
plus
33%
roi
33%
sac
33%
Ses
33%
sous
33%
sur
33%
temps
33%
tout
33%
une
33%
ville
33%
acheté
17%
acheter
17%
blancs
17%
car
17%
cette
17%
clash
17%
coups
17%
danses
17%
d'enfants
17%
des
17%
dis
17%
distribuer
17%
donne
17%
doses
17%
gamos
17%
gosses
17%
grâce
17%
Gucci
17%
Insta
17%
j'le
17%
J'les
17%
j'les
17%
l'âge
17%
léwé
17%
Léwé
17%
l'rap
17%
mama
17%
Maranello
17%
marcheurs
17%
Même
17%
mois
17%
mon
17%
navire
17%
Néglige
17%
neuf
17%
n'te
17%
pendant
17%
petite
17%
photo
17%
porté
17%
portes
17%
poser
17%
poste
17%
qu'une
17%
rah
17%
remet
17%
remets
17%
renversé
17%
répond
17%
rolex
17%
rose
17%
Shabat
17%
soir
17%
t'as
17%
tête
17%
trop
17%
Veni
17%
veux
17%
(v'nir)
17%
vois
17%
60000
0%
alléluia
0%
Balenciaga
0%
baveux
0%
blanchit
0%
boire
0%
bosses
0%
cke-Ja
0%
club
0%
colles
0%
d'faire
0%
(d'fils)
0%
feat
0%
fois
0%
Givenchy
0%
Grod
0%
guigne
0%
j'dois
0%
Kore
0%
M'attend
0%
mets
0%
morts
0%
mytho
0%
ohhhh
0%
parloir
0%
pétard
0%
pn
0%
ras
0%
réseau
0%
s'agenouillent
0%
shit
0%
sol
0%
sont
0%
streaming
0%
suite
0%
s'voit
0%
tape
0%
Vidi
0%
weed
0%
Zumba
0%
Aucun quiz correspondant
Distribution des résultats
% des personnes avec chaque résultat
Percentile par nombre de réponses
Votre historique - résultats
Vous n’avez pas pris ce quiz